[Event "Lost Boys op"]
[Site "Amsterdam"]
[Date "2001.08.13"]
[Round "4"]
[White "Ernst, Sipke"]
[Black "Sutovsky, Emil"]
[Result "1/2-1/2"]
[WhiteElo "2440"]
[BlackElo "2651"]
[PlyCount "101"]
[EventDate "2001.08.10"]
[Source "ChessBase"]
[SourceDate "2001.09.11"]

1. d4 Nf6 2. c4 g6 3. Nc3 d5 4. cxd5 Nxd5 5. e4 Nxc3 6. bxc3 Bg7 7. Bc4 O-O 8. Be3 Nc6 9. Ne2 e5 10. O-O Qe7 11. f3 Rd8 12. Rc1 b6 13. Qd2 Na5 14. Bd3 c5 15. d5 c4 16. Bc2 Nb7 17. f4 f6 18. fxe5 fxe5 19. Bg5 Qc5+ 20. Kh1 Rf8 21. Rxf8+ Qxf8 22. Ng3 Bd7 23. h4 Qc5 24. h5 Rf8 25. hxg6 hxg6 26. Rf1 Rxf1+ 27. Nxf1 Qf8 28. Ne3 Nd6 29. Qe1 Nf7 30. Bh4 b5 31. Qg3 Nh8 32. Ng4 Qf1+ 33. Kh2 Nf7 34. Be7 a5 35. a4 bxa4 36. Ne3 Qf4 37. Qxf4 exf4 38. Nxc4 Bxc3 39. Nb6 Bb5 40. Bxa4 Bd3 41. Nd7 Bxe4 42. Nf6+ Bxf6 43. Bxf6 Bxd5 44. Bc3 Nh6 45. Bxa5 Ng4+ 46. Kg1 Ne3 47. Bd2 Nxg2 48. Bb3 Bxb3 49. Kxg2 Bd5+ 50. Kh3 Be6+ 51. Kh4 1/2-1/2

[Event "Jurmala"]
[Site "Jurmala LAT"]
[Date "1978.??.??"]
[Round "14"]
[White "Bronstein, David I"]
[Black "Ermenkov, Evgenij P"]
[Result "1/2-1/2"]
[WhiteElo "2570"]
[BlackElo "2520"]
[PlyCount "23"]
[EventDate "1978.??.??"]
[Source "www.chesslib.no"]
[SourceDate "2004.05.04"]

1. d4 Nf6 2. c4 g6 3. Nc3 d5 4. cxd5 Nxd5 5. e4 Nxc3 6. bxc3 Bg7 7. Bb5+ c6 8. Bc4 c5 9. Ne2 Nc6 10. Be3 cxd4 11. cxd4 b5 12. Bd5 1/2-1/2

[Event "Ischia"]
[Site "Ischia"]
[Date "1996.??.??"]
[Round "9"]
[White "Gofshtein, Leonid D"]
[Black "Tseitlin, Mark D"]
[Result "1/2-1/2"]
[WhiteElo "2540"]
[BlackElo "2545"]
[PlyCount "25"]
[EventDate "1996.06.??"]
[Source "ChessBase"]

1. d4 Nf6 2. c4 g6 3. Nc3 d5 4. cxd5 Nxd5 5. e4 Nxc3 6. bxc3 Bg7 7. Bc4 c5 8. Ne2 Nc6 9. Be3 cxd4 10. cxd4 Qa5+ 11. Bd2 Qd8 12. Be3 Qa5+ 13. Bd2 1/2-1/2

[Event "Bundesliga 9495"]
[Site "Germany"]
[Date "1995.??.??"]
[Round "?"]
[White "Knaak, Rainer"]
[Black "Stohl, Igor"]
[Result "1/2-1/2"]
[WhiteElo "2520"]
[BlackElo "2560"]
[PlyCount "104"]
[EventDate "1994.10.??"]
[Source "ChessBase"]
[SourceDate "1999.07.01"]

1. d4 Nf6 2. c4 g6 3. Nc3 d5 4. cxd5 Nxd5 5. e4 Nxc3 6. bxc3 Bg7 7. Bc4 O-O 8. Be3 Nc6 9. Nf3 e5 10. Rc1 Bg4 11. d5 Na5 12. Be2 Bxf3 13. Bxf3 Nc4 14. Bc5 Re8 15. Qd3 b5 16. Qb1 Qd7 17. Rd1 Bf8 18. Bxf8 Rxf8 19. O-O c5 20. g3 a5 21. d6 Ra6 22. Be2 Rxd6 23. Rxd6 Nxd6 24. Rd1 Qc6 25. Rd5 Re8 26. f3 b4 27. Kg2 Nb5 28. Bxb5 Qxb5 29. Qf1 Qxf1+ 30. Kxf1 bxc3 31. Rxc5 Rb8 32. Rxc3 Rb1+ 33. Kg2 Rb2+ 34. Kh3 Rxa2 35. Rc5 f6 36. f4 exf4 37. gxf4 a4 38. Ra5 a3 39. Ra8+ Kf7 40. Ra7+ Ke6 41. Ra6+ Ke7 42. e5 fxe5 43. fxe5 g5 44. Rh6 Re2 45. Rxh7+ Ke6 46. Ra7 a2 47. Ra5 Kf5 48. Kg3 g4 49. e6+ Kxe6 50. Kxg4 Rxh2 51. Kg3 Rb2 52. Kf3 Kd6 1/2-1/2

[Event "otb"]
[Site "otb"]
[Date "2007.03.04"]
[Round "4"]
[White "Ehlvest Jaan"]
[Black "Fedorowicz John P"]
[Result "1/2-1/2"]
[WhiteElo "2610"]
[BlackElo "2469"]
[PlyCount "55"]
[Source "www.chesslib.no"]
[SourceDate "2004.05.04"]

1. c4 Nf6 2. Nc3 d5 3. cxd5 Nxd5 4. e4 Nxc3 5. bxc3 g6 6. d4 Bg7 7. Bc4 O-O 8. Ne2 Nc6 9. Be3 e5 10. O-O Qe7 11. d5 Na5 12. Bd3 c5 13. Qd2 b6 14. Ng3 Bd7 15. Bg5 f6 16. Be3 Nb7 17. f4 exf4 18. Bxf4 Nd6 19. Rae1 Nf7 20. Bc4 Qe8 21. d6 Kh8 22. Bxf7 Rxf7 23. Rf2 Qe6 24. e5 fxe5 25. Bxe5 Bxe5 26. Rxf7 Qxf7 27. Rxe5 Re8 28. Qg5 1/2-1/2

[Event "Dov Porath mem"]
[Site "Givatayim"]
[Date "1998.06.01"]
[Round "5"]
[White "Kaspi, Alexander"]
[Black "Mikhalevski, Victor"]
[Result "1-0"]
[WhiteElo "2525"]
[BlackElo "2545"]
[PlyCount "75"]
[EventDate "1998.05.10"]
[Source "ChessBase"]
[SourceDate "1998.08.06"]

1. d4 Nf6 2. c4 g6 3. Nc3 d5 4. cxd5 Nxd5 5. e4 Nxc3 6. bxc3 Bg7 7. Bc4 c5 8. Ne2 Nc6 9. Be3 cxd4 10. cxd4 Qa5+ 11. Bd2 Qd8 12. Be3 Qa5+ 13. Bd2 Qa3 14. O-O O-O 15. Rb1 Bg4 16. f3 Bc8 17. Kh1 Nxd4 18. Bb4 Qe3 19. Nxd4 Qxd4 20. Qxd4 Bxd4 21. Bxe7 Re8 22. Bh4 Be6 23. Bxe6 Rxe6 24. Rxb7 Rc8 25. Rd7 Rc4 26. Rd1 Rec6 27. Bg3 Bb2 28. h4 Rc1 29. Rxc1 Rxc1+ 30. Kh2 a5 31. h5 gxh5 32. Rd5 a4 33. Rxh5 a3 34. Ra5 Kg7 35. Bd6 Rc2 36. Bxa3 Bc3 37. Rc5 f6 38. f4 1-0

[Event "Cappelle Open"]
[Site "Cappelle la Grande FRA"]
[Date "1991.??.??"]
[Round "7"]
[White "Vaisser, Anatoli V"]
[Black "Mikhalchishin, Adrian B"]
[Result "1/2-1/2"]
[WhiteElo "2540"]
[BlackElo "2530"]
[PlyCount "36"]
[EventDate "1991.02.??"]
[Source "www.chesslib.no"]
[SourceDate "2004.05.04"]

1. d4 Nf6 2. c4 g6 3. Nc3 d5 4. cxd5 Nxd5 5. e4 Nxc3 6. bxc3 Bg7 7. Bc4 c5 8. Ne2 Nc6 9. Be3 cxd4 10. cxd4 b5 11. Bxb5 Qa5+ 12. Nc3 Qxc3+ 13. Bd2 Qxd4 14. Bxc6+ Bd7 15. Bxa8 Qxa1 16. Qxa1 Bxa1 17. Ke2 O-O 18. Bd5 Bb5+ 1/2-1/2

[Event "NED-ch"]
[Site "Rotterdam"]
[Date "1997.06.22"]
[Round "2"]
[White "Timman, Jan H"]
[Black "Riemersma, Liafbern"]
[Result "1-0"]
[WhiteElo "2630"]
[BlackElo "2435"]
[PlyCount "43"]
[EventDate "1997.06.21"]
[Source "ChessBase"]
[SourceDate "1997.10.13"]

1. d4 Nf6 2. c4 g6 3. Nc3 d5 4. cxd5 Nxd5 5. e4 Nxc3 6. bxc3 Bg7 7. Bc4 Nc6 8. Ne2 b6 9. h4 O-O 10. Bd5 Bb7 11. h5 e6 12. Bb3 Na5 13. hxg6 hxg6 14. Qd3 Nxb3 15. axb3 f5 16. Qg3 Bxe4 17. Qxg6 Qf6 18. Qh5 e5 19. Qh7+ Kf7 20. Rh6 Qd8 21. Rg6 Rg8 22. Bh6 1-0

[Event "AUT-chT 9697"]
[Site "Austria"]
[Date "1996.??.??"]
[Round "7"]
[White "Lukacs, Peter"]
[Black "Ftacnik, Lubomir"]
[Result "1/2-1/2"]
[WhiteElo "2470"]
[BlackElo "2595"]
[PlyCount "59"]
[EventDate "1996.??.??"]
[Source "ChessBase"]

1. d4 Nf6 2. c4 g6 3. Nc3 d5 4. cxd5 Nxd5 5. e4 Nxc3 6. bxc3 Bg7 7. Bc4 Nc6 8. Ne2 O-O 9. Bd3 b6 10. O-O e5 11. Ba3 Re8 12. d5 Na5 13. c4 c5 14. Bb2 Nb7 15. Qd2 Nd6 16. Ng3 Qh4 17. Qe2 Bd7 18. Bc3 f5 19. Rfe1 f4 20. Nf1 g5 21. f3 h5 22. g3 Qh3 23. gxf4 gxf4 24. Nd2 Kf7 25. Kh1 Bf6 26. Rg1 Rg8 27. Rxg8 Rxg8 28. Rg1 Rxg1+ 29. Kxg1 Ke7 30. Qg2 1/2-1/2

[Event "Tungsram"]
[Site "Budapest"]
[Date "1977.??.??"]
[Round "?"]
[White "Knaak, Rainer"]
[Black "Sax, Gyula"]
[Result "0-1"]
[WhiteElo "2500"]
[BlackElo "2565"]
[PlyCount "92"]
[EventDate "1977.08.??"]
[Source "ChessBase"]

1. d4 Nf6 2. c4 g6 3. Nc3 d5 4. cxd5 Nxd5 5. e4 Nxc3 6. bxc3 Bg7 7. Bc4 O-O 8. Be3 b6 9. h4 Nc6 10. Bd5 Qd7 11. h5 e6 12. Bb3 Na5 13. hxg6 fxg6 14. Qg4 Nxb3 15. axb3 e5 16. Qxd7 Bxd7 17. d5 c6 18. dxc6 Bxc6 19. f3 a5 20. Ne2 b5 21. O-O a4 22. bxa4 bxa4 23. c4 Rfb8 24. Rfb1 Bf8 25. Nc3 a3 26. Ra2 Rxb1+ 27. Nxb1 Bb4 28. Bc1 Rd8 29. Bd2 Bc5+ 30. Kh2 Rd3 31. Bc3 Bd6 32. c5 Bxc5 33. Bxe5 Ba4 34. Kg3 Kf7 35. Ra1 Ke6 36. Bh8 Bb4 37. Ra2 Kd6 38. Bg7 Kc6 39. Kf4 Kd7 40. Bh8 Ke7 41. Kg5 Kf7 42. Be5 Ke6 43. Bg7 Be7+ 44. Kf4 Bd6+ 45. Kg5 Kf7 46. e5 Bb3 0-1

[Event "Sochi"]
[Site "Sochi"]
[Date "1984.??.??"]
[Round "?"]
[White "Vaisser, Anatoli"]
[Black "Psakhis, Lev"]
[Result "1/2-1/2"]
[WhiteElo "2495"]
[BlackElo "2565"]
[PlyCount "38"]
[EventDate "1984.10.??"]
[Source "ChessBase"]

1. d4 Nf6 2. c4 g6 3. Nc3 d5 4. cxd5 Nxd5 5. e4 Nxc3 6. bxc3 Bg7 7. Bc4 c5 8. Ne2 cxd4 9. cxd4 Nc6 10. Be3 b5 11. Bxb5 Qa5+ 12. Nc3 Qxc3+ 13. Bd2 Qxd4 14. Bxc6+ Bd7 15. Bxa8 Qxa1 16. Qxa1 Bxa1 17. O-O O-O 18. Rxa1 Rxa8 19. Be3 a6 1/2-1/2

[Event "XIX Czech Chladek & Tintera A Open"]
[Site "Pardubice CEC"]
[Date "2008.07.21"]
[Round "4"]
[White "Korobov, A."]
[Black "Llaneza Vega, M."]
[Result "1-0"]
[WhiteElo "2590"]
[BlackElo "2468"]
[PlyCount "105"]
[EventDate "2008.07.18"]
[Source "www.chesslib.no"]
[SourceDate "2004.05.04"]

1. d4 Nf6 2. c4 g6 3. Nc3 d5 4. cxd5 Nxd5 5. e4 Nxc3 6. bxc3 Bg7 7. Bc4 c5 8. Ne2 Nc6 9. Be3 cxd4 10. cxd4 Qa5+ 11. Bd2 Qd8 12. Be3 Qa5+ 13. Bd2 Qd8 14. d5 Ne5 15. Bc3 O-O 16. Bb3 Qb6 17. f4 Ng4 18. Bd4 Qa5+ 19. Qd2 Qxd2+ 20. Kxd2 e6 21. e5 exd5 22. h3 Nh6 23. g4 Kh8 24. Rac1 Be6 25. Rc7 b6 26. Rhc1 Ng8 27. Ng3 h5 28. gxh5 Bh6 29. Ke3 Rae8 30. Ba4 Re7 31. h4 Kh7 32. R1c3 Rxc7 33. Rxc7 Rc8 34. hxg6+ Kxg6 35. Bc2+ Kg7 36. Nf5+ Kf8 37. Rxc8+ Bxc8 38. Kf3 f6 39. Bb2 Bxf5 40. Bxf5 fxe5 41. fxe5 Ne7 42. Bd7 Ng6 43. h5 Ke7 44. e6 Nf4 45. Ba3+ Kd8 46. Kg4 d4 47. Kf5 Nxh5 48. Kg6 Nf4+ 49. Kxh6 d3 50. Bc1 Nd5 51. Kg6 Ke7 52. Bg5+ Kd6 53. Kf7 1-0

[Event "Formia Open"]
[Site "Formia"]
[Date "1994.??.??"]
[Round "4"]
[White "Naumkin, Igor"]
[Black "Alterman, Boris"]
[Result "1-0"]
[WhiteElo "2455"]
[BlackElo "2595"]
[PlyCount "77"]
[EventDate "1994.??.??"]
[Source "www.chesslib.no"]
[SourceDate "2004.05.04"]

1. d4 Nf6 2. c4 g6 3. Nc3 d5 4. cxd5 Nxd5 5. e4 Nxc3 6. bxc3 Bg7 7. Bc4 c5 8. Ne2 Nc6 9. Be3 cxd4 10. cxd4 Qa5+ 11. Bd2 Qh5 12. d5 Ne5 13. Bb5+ Bd7 14. Bxd7+ Nxd7 15. Rc1 O-O 16. O-O Rfc8 17. f3 Qe5 18. Rb1 Qc7 19. Be3 Nb6 20. Nd4 Qc3 21. Bf2 h5 22. Rb3 Qa5 23. f4 Rc4 24. f5 Rac8 25. fxg6 fxg6 26. Rg3 Rc1 27. Qxc1 Rxc1 28. Rxc1 Kh7 29. Ne6 h4 30. Rg4 Qd2 31. Rf1 Nd7 32. Rxh4+ Kg8 33. Nxg7 Kxg7 34. Rh3 Nf6 35. Be3 Qb2 36. Rhf3 a5 37. d6 g5 38. Rxf6 exf6 39. d7 1-0

[Event "DDR Ch 24. playoff"]
[Site "Groeditz"]
[Date "1975.??.??"]
[Round "1"]
[White "Knaak, Rainer F A"]
[Black "Uhlmann, Wolfgang"]
[Result "1/2-1/2"]
[WhiteElo "2510"]
[BlackElo "2535"]
[PlyCount "105"]
[EventDate "1975.05.??"]
[Source "www.chesslib.no"]
[SourceDate "2004.05.04"]

1. d4 Nf6 2. c4 g6 3. Nc3 d5 4. cxd5 Nxd5 5. e4 Nxc3 6. bxc3 Bg7 7. Bc4 O-O 8. Be3 b6 9. h4 Bb7 10. Qf3 Qd7 11. Ne2 h5 12. Bg5 b5 13. Bb3 c5 14. Qe3 Nc6 15. Rd1 cxd4 16. cxd4 Na5 17. f3 Rac8 18. Bh6 Nc4 19. Bxc4 Rxc4 20. Bxg7 Kxg7 21. d5 Rc2 22. a3 Qc7 23. O-O a6 24. Rc1 Rc8 25. Rxc2 Qxc2 26. Rc1 Qb2 27. Rxc8 Bxc8 28. Kf2 b4 29. axb4 Qxb4 30. Qc3+ Qxc3 31. Nxc3 e5 32. Ke3 a5 33. Na4 Ba6 34. Nb6 Bb5 35. d6 Kf8 36. Nd5 f5 37. exf5 gxf5 38. g3 a4 39. Kd2 Kf7 40. Kc3 Bc6 41. Ne3 Ke6 42. Kb4 Bd7 43. g4 f4 44. Nc4 e4 45. gxh5 exf3 46. h6 Kf6 47. Nd2 f2 48. Ne4+ Kg6 49. Nxf2 Kxh6 50. Ne4 f3 51. Kc3 Kh5 52. Nd2 f2 53. Ne4 1/2-1/2

[Event "Budapest Tungsram"]
[Site "Budapest HUN"]
[Date "1973.??.??"]
[Round "5"]
[White "Adorjan, Andras"]
[Black "Ribli, Zoltan"]
[Result "1/2-1/2"]
[WhiteElo "2515"]
[BlackElo "2525"]
[PlyCount "40"]
[EventDate "1973.??.??"]
[Source "www.chesslib.no"]
[SourceDate "2004.05.04"]

1. d4 Nf6 2. c4 g6 3. Nc3 d5 4. cxd5 Nxd5 5. e4 Nxc3 6. bxc3 Bg7 7. Bc4 c5 8. Ne2 cxd4 9. cxd4 Nc6 10. Be3 b5 11. Bxb5 Qa5+ 12. Nc3 Qxc3+ 13. Bd2 Qxd4 14. Bxc6+ Bd7 15. Bxa8 Qxa1 16. Qxa1 Bxa1 17. O-O O-O 18. Rxa1 Rxa8 19. Bb4 Kf8 20. Rc1 Rc8 1/2-1/2

[Event "SU"]
[Site "SU"]
[Date "1989.??.??"]
[Round "?"]
[White "Aseev, Konstantin N"]
[Black "Dvoirys, Semen I"]
[Result "0-1"]
[WhiteElo "2520"]
[BlackElo "2520"]
[PlyCount "70"]
[EventDate "1989.??.??"]
[Source "www.chesslib.no"]
[SourceDate "2004.05.04"]

1. d4 Nf6 2. c4 g6 3. Nc3 d5 4. cxd5 Nxd5 5. e4 Nxc3 6. bxc3 Bg7 7. Bc4 c5 8. Ne2 Nc6 9. Be3 cxd4 10. cxd4 O-O 11. Rb1 Qa5+ 12. Kf1 b6 13. a4 Ba6 14. Bb5 Bxb5 15. axb5 Nxd4 16. Nxd4 Rad8 17. Bd2 Qa2 18. Nb3 Bc3 19. g3 Bxd2 20. Kg2 Be3 21. Qf1 Qc2 22. Qe1 Rd3 23. Rf1 Rfd8 24. Qb4 Bg5 25. e5 e6 26. Rfe1 h5 27. Qe4 Qa2 28. Qe2 Qa4 29. Nc1 Rc3 30. h4 Bh6 31. Kg1 Rd2 32. Qf1 Qg4 33. Ne2 Rcc2 34. f3 Be3+ 35. Kg2 Qc4 0-1

[Event "European Club Cup 2002"]
[Site "?"]
[Date "2002.09.27"]
[Round "6.99"]
[White "Atalik Suat"]
[Black "Berndt Stephan"]
[Result "1-0"]
[WhiteElo "2551"]
[BlackElo "2482"]
[PlyCount "117"]
[EventDate "2002.??.??"]
[Source "www.chesslib.no"]
[SourceDate "2004.05.04"]

1. d4 Nf6 2. c4 g6 3. Nc3 d5 4. cxd5 Nxd5 5. e4 Nxc3 6. bxc3 Bg7 7. Bc4 c5 8. Ne2 Nc6 9. Be3 cxd4 10. cxd4 Qa5+ 11. Bd2 Qd8 12. d5 Ne5 13. Bc3 O-O 14. Bb3 Qb6 15. f4 Nd7 16. Bxg7 Kxg7 17. Rc1 Nf6 18. e5 Qb4+ 19. Kf2 Ne4+ 20. Ke3 Nc5 21. Qd4 Qxd4+ 22. Nxd4 b6 23. Bd1 Bb7 24. Bf3 Rad8 25. Rhd1 Rd7 26. Rd2 h5 27. g3 Kg8 28. Ne2 f6 29. e6 Rd6 30. f5 Rfd8 31. Nf4 gxf5 32. Ng6 Re8 33. Nh4 Nxe6 34. dxe6 Rxe6+ 35. Kf2 Bxf3 36. Kxf3 Re5 37. Kf4 Re4+ 38. Kxf5 Ra4 39. Rc7 Kf7 40. Re2 a5 41. Re4 Rxe4 42. Kxe4 Rd8 43. Nf5 Rd2 44. Rxe7+ Kf8 45. Rb7 Re2+ 46. Kf3 Rxh2 47. Rxb6 Kf7 48. a3 Rc2 49. Rb7+ Kg6 50. Ne7+ Kh6 51. Rb3 Rc5 52. Rd3 Re5 53. Nd5 Rg5 54. Rd4 Kg7 55. a4 Kf7 56. Nf4 Rc5 57. Rd7+ Ke8 58. Rd5 Rc3+ 59. Ke4 1-0

[Event "URS Team Ch"]
[Site "Nabereznye Chelny"]
[Date "1988.??.??"]
[Round "?"]
[White "Chernin, Alexander M"]
[Black "Bagirov, Vladimir K"]
[Result "1/2-1/2"]
[WhiteElo "2565"]
[BlackElo "2465"]
[PlyCount "50"]
[EventDate "1988.??.??"]
[Source "www.chesslib.no"]
[SourceDate "2004.05.04"]

1. d4 Nf6 2. c4 g6 3. Nc3 d5 4. cxd5 Nxd5 5. e4 Nxc3 6. bxc3 Bg7 7. Bc4 c5 8. Ne2 Nc6 9. Be3 cxd4 10. cxd4 b5 11. Bd5 Bd7 12. O-O O-O 13. Rc1 Rc8 14. Bxc6 Rxc6 15. Rxc6 Bxc6 16. d5 Bd7 17. Qd2 a5 18. a3 f5 19. Bd4 fxe4 20. Bxg7 Kxg7 21. Nc3 Qb6 22. Nxe4 Bf5 23. Re1 Bxe4 24. Rxe4 Qc5 25. Re3 b4 1/2-1/2

[Event "Soviet Union"]
[Site "Soviet Union"]
[Date "1988.??.??"]
[Round "?"]
[White "Chernin, Alexander M"]
[Black "Bagirov, Vladimir K"]
[Result "1/2-1/2"]
[WhiteElo "2565"]
[BlackElo "2465"]
[PlyCount "48"]
[EventDate "1988.??.??"]
[Source "www.chesslib.no"]
[SourceDate "2004.05.04"]

1. d4 Nf6 2. c4 g6 3. Nc3 d5 4. cxd5 Nxd5 5. e4 Nxc3 6. bxc3 Bg7 7. Bc4 c5 8. Ne2 Nc6 9. Be3 cxd4 10. cxd4 b5 11. Bd5 Bd7 12. O-O O-O 13. Rc1 Rc8 14. Bxc6 Rxc6 15. Rxc6 Bxc6 16. d5 Bd7 17. Qd2 f5 18. Bd4 fxe4 19. Bxg7 Kxg7 20. Nc3 Qb6 21. Nxe4 Bf5 22. Re1 Bxe4 23. Rxe4 Qc5 24. Re3 b4 1/2-1/2

[Event "Kecskemet"]
[Site "Kecskemet HUN"]
[Date "1989.??.??"]
[Round "?"]
[White "Dautov, Rustem"]
[Black "Huzman, Alexander"]
[Result "1-0"]
[WhiteElo "2535"]
[BlackElo "2480"]
[PlyCount "41"]
[EventDate "1989.07.??"]
[Source "www.chesslib.no"]
[SourceDate "2004.05.04"]

1. d4 Nf6 2. c4 g6 3. Nc3 d5 4. cxd5 Nxd5 5. e4 Nxc3 6. bxc3 Bg7 7. Bc4 c5 8. Ne2 Nc6 9. Be3 cxd4 10. cxd4 Qa5+ 11. Kf1 O-O 12. Rc1 Bd7 13. h4 Rac8 14. h5 b5 15. Bb3 e5 16. hxg6 hxg6 17. dxe5 Nxe5 18. Rxc8 Bxc8 19. Nf4 Bb7 20. Nxg6 Nxg6 21. Qh5 1-0

[Event "IBM"]
[Site "Amsterdam"]
[Date "1974.??.??"]
[Round "4"]
[White "Donner, Jan Hein"]
[Black "Lombardy, William James"]
[Result "1/2-1/2"]
[WhiteElo "2495"]
[BlackElo "2520"]
[PlyCount "39"]
[EventDate "1974.??.??"]
[Source "ChessBase"]

1. d4 Nf6 2. c4 g6 3. Nc3 d5 4. cxd5 Nxd5 5. e4 Nxc3 6. bxc3 Bg7 7. Bc4 b6 8. Nf3 O-O 9. O-O Bb7 10. Qe2 Nc6 11. Bb2 Na5 12. Bd3 e6 13. Rad1 c5 14. Bc1 Qc7 15. Be3 Rfd8 16. Bg5 Rdc8 17. Rc1 Qd6 18. Rfd1 cxd4 19. cxd4 Rxc1 20. Bxc1 1/2-1/2

[Event "USSR"]
[Site "USSR"]
[Date "1976.??.??"]
[Round "?"]
[White "Grigoryan, Karen A"]
[Black "Chekhov, Valery A"]
[Result "1/2-1/2"]
[WhiteElo "2485"]
[BlackElo "2530"]
[PlyCount "39"]
[EventDate "1976.??.??"]
[Source "www.chesslib.no"]
[SourceDate "2004.05.04"]

1. d4 Nf6 2. c4 g6 3. Nc3 d5 4. cxd5 Nxd5 5. e4 Nxc3 6. bxc3 c5 7. Bc4 Bg7 8. Ne2 Nc6 9. Be3 cxd4 10. cxd4 b5 11. Bd5 Bd7 12. Rc1 Rc8 13. O-O O-O 14. Qd2 Qa5 15. Qb2 e6 16. Bb3 Qb4 17. Rfd1 a5 18. a3 Qe7 19. e5 a4 20. Nc3 1/2-1/2

[Event "WCN k.o."]
[Site "?"]
[Date "2001.??.??"]
[Round "?"]
[White "Rogozenko Dorian"]
[Black "Tyomkin Dimitri"]
[Result "0-1"]
[WhiteElo "2548"]
[BlackElo "2461"]
[PlyCount "72"]
[EventDate "2001.??.??"]
[Source "www.chesslib.no"]
[SourceDate "2004.05.04"]

1. d4 Nf6 2. c4 g6 3. Nc3 d5 4. cxd5 Nxd5 5. e4 Nxc3 6. bxc3 Bg7 7. Bc4 c5 8. Ne2 Nc6 9. Be3 cxd4 10. cxd4 Qa5+ 11. Kf1 Qa3 12. Qd2 O-O 13. h4 Na5 14. Bd3 Be6 15. h5 Nc4 16. Bxc4 Bxc4 17. hxg6 fxg6 18. Kg1 Rad8 19. Nc1 Rd7 20. Rb1 Rfd8 21. Rh3 Qa6 22. Nb3 Bxb3 23. Rxb3 Bxd4 24. Bxd4 e5 25. Qh6 exd4 26. Rbd3 Qxa2 27. Kh2 Qe6 28. Rh4 a5 29. g3 Qe5 30. Qd2 Rc8 31. Qe2 Rc3 32. Qa2+ Kg7 33. Rd2 d3 34. Qb2 b5 35. f4 Qc5 36. e5 Rc2 0-1

[Event "Tilburg"]
[Site "Tilburg"]
[Date "1993.??.??"]
[Round "1"]
[White "Pliester, Leon"]
[Black "Alterman, Boris"]
[Result "0-1"]
[WhiteElo "2420"]
[BlackElo "2585"]
[PlyCount "78"]
[EventDate "1993.11.??"]
[Source "ChessBase"]

1. d4 Nf6 2. c4 g6 3. Nc3 d5 4. cxd5 Nxd5 5. e4 Nxc3 6. bxc3 Bg7 7. Bc4 c5 8. Ne2 Nc6 9. Be3 cxd4 10. cxd4 Qa5+ 11. Kf1 Bd7 12. Rb1 Rc8 13. Rxb7 Nd8 14. Bd2 Qa3 15. Rb4 a5 16. Rb3 Qa4 17. Ba6 Ra8 18. Bd3 O-O 19. Be3 Rc8 20. Qd2 Ne6 21. e5 Nc7 22. h4 Be6 23. Rb2 Rb8 24. Rxb8 Rxb8 25. Nc3 Qa3 26. h5 Nd5 27. Nb5 Qb4 28. hxg6 hxg6 29. Qxb4 Nxb4 30. Be2 Nxa2 31. f4 Bd7 32. Na3 Rb3 33. Nc2 Nb4 34. Nxb4 Rb1+ 35. Kf2 Rxh1 36. Nd5 e6 37. Nb6 Bc6 38. Nc4 a4 39. Na5 Bd5 0-1

[Event "URS Ch sf"]
[Site "Riga LAT"]
[Date "1988.??.??"]
[Round "?"]
[White "Kozlov, Vladimir N"]
[Black "Tukmakov, Vladimir B"]
[Result "0-1"]
[WhiteElo "2410"]
[BlackElo "2590"]
[PlyCount "62"]
[EventDate "1988.??.??"]
[Source "www.chesslib.no"]
[SourceDate "2004.05.04"]

1. d4 Nf6 2. c4 g6 3. Nc3 d5 4. cxd5 Nxd5 5. e4 Nxc3 6. bxc3 Bg7 7. Bc4 O-O 8. Be3 Nc6 9. Ne2 b6 10. O-O Bb7 11. Bd3 Qd7 12. Qc2 Na5 13. Rab1 Rac8 14. Rfd1 Rfd8 15. c4 e5 16. Bd2 Bc6 17. Re1 exd4 18. Bxa5 bxa5 19. Qd2 Re8 20. f3 a4 21. Qa5 Re5 22. Qxa7 Bf8 23. Rb8 Ra5 24. Qxa5 Rxb8 25. Rd1 Rb2 26. Qa7 a3 27. c5 Rxa2 28. Bc4 Rc2 29. Rxd4 Qe7 30. Qxa3 Qxc5 31. Qd3 Rxe2 0-1

[Event "It (open)"]
[Site "?"]
[Date "2005.02.14"]
[Round "3"]
[White "Shneider Aleksandr"]
[Black "Gormally Daniel"]
[Result "1/2-1/2"]
[WhiteElo "2528"]
[BlackElo "2472"]
[PlyCount "42"]
[EventDate "2005.??.??"]
[Source "www.chesslib.no"]
[SourceDate "2004.05.04"]

1. d4 Nf6 2. c4 g6 3. Nc3 d5 4. cxd5 Nxd5 5. e4 Nxc3 6. bxc3 Bg7 7. Bc4 c5 8. Ne2 Nc6 9. Be3 cxd4 10. cxd4 Qa5+ 11. Bd2 Qd8 12. Bc3 O-O 13. O-O Bd7 14. Rb1 Qc7 15. Qd2 Nxd4 16. Bxf7+ Rxf7 17. Bxd4 e5 18. Be3 Be6 19. Rfc1 Qd8 20. Qb2 Qd3 21. Ng3 Rd7 1/2-1/2

[Event "6th Parsvnath Open"]
[Site "New Delhi IND"]
[Date "2008.01.18"]
[Round "8"]
[White "Sachdev, T."]
[Black "Kurnosov, I."]
[Result "0-1"]
[WhiteElo "2417"]
[BlackElo "2577"]
[PlyCount "170"]
[EventDate "2008.01.13"]
[Source "www.chesslib.no"]
[SourceDate "2004.05.04"]

1. d4 g6 2. c4 Nf6 3. Nc3 d5 4. cxd5 Nxd5 5. e4 Nxc3 6. bxc3 Bg7 7. Bc4 c5 8. Ne2 Nc6 9. Be3 cxd4 10. cxd4 Qa5+ 11. Bd2 Qh5 12. Bc3 Qg4 13. Ng3 Qxd1+ 14. Rxd1 Bd7 15. O-O Rc8 16. Bb3 b5 17. Bb2 a5 18. a3 a4 19. Bd5 O-O 20. e5 Rfd8 21. Rc1 Bh6 22. f4 Na5 23. Bc3 Nb3 24. Bxb3 axb3 25. Ne4 b4 26. axb4 Bb5 27. Rfe1 Bxf4 28. Rb1 Bc4 29. Nc5 f6 30. exf6 exf6 31. Rb2 Bd5 32. g3 Bh6 33. Kf2 Kf7 34. Ree2 Ra8 35. Bd2 Bxd2 36. Rexd2 Ra3 37. Ke3 Rb8 38. Nd3 g5 39. Rf2 Ra2 40. g4 Kg6 41. h3 Ra1 42. Rf5 Be6 43. Rc5 Rh1 44. Nf2 Re1+ 45. Kd2 Rf1 46. Ke2 Ra1 47. d5 Ra2 48. Nd3 Rxb2+ 49. Nxb2 Bd7 50. Rc7 Bb5+ 51. Kd2 Bf1 52. Kc3 Bxh3 53. Rc4 Rd8 54. Rd4 f5 55. gxf5+ Bxf5 56. Kxb3 h5 57. Nd1 h4 58. Nf2 h3 59. b5 h2 60. b6 g4 61. Nh1 Kf6 62. Rd2 Rh8 63. b7 Be4 64. Rxh2 Bxd5+ 65. Kc3 Rb8 66. Kd4 Bxb7 67. Ke3 Kg5 68. Ng3 Rf8 69. Ne2 Rf3+ 70. Kd2 Ba6 71. Rg2 Ra3 72. Nc3 Bb7 73. Re2 g3 74. Re7 Bf3 75. Rg7+ Kh4 76. Nb5 Ra2+ 77. Ke3 Bg4 78. Rh7+ Kg5 79. Rg7+ Kh5 80. Rh7+ Kg6 81. Rh1 g2 82. Rg1 Kg5 83. Nc3 Rc2 84. Ne4+ Kh4 85. Nf2 Re2+ 0-1

[Event "Corr"]
[Site "?"]
[Date "2001.05.20"]
[Round "?"]
[White "Monacell James P"]
[Black "Galvin Richard"]
[Result "1-0"]
[WhiteElo "2377"]
[BlackElo "2616"]
[PlyCount "57"]
[EventDate "2001.??.??"]
[Source "www.chesslib.no"]
[SourceDate "2004.05.04"]

1. d4 Nf6 2. c4 g6 3. Nc3 d5 4. cxd5 Nxd5 5. e4 Nxc3 6. bxc3 Bg7 7. Bc4 O-O 8. Ne2 Qd7 9. h4 Qg4 10. h5 Qxe4 11. hxg6 Qxg6 12. Nf4 Qe4+ 13. Kf1 Rd8 14. Bd3 Qc6 15. Rxh7 Qxc3 16. Rb1 Rxd4 17. Rxg7+ Kxg7 18. Qh5 Rxf4 19. Qh7+ Kf8 20. Bxf4 Be6 21. Rc1 Qxc1+ 22. Bxc1 Ke8 23. Qh8+ Kd7 24. Qd4+ Kc8 25. Bf4 f6 26. Qe4 Bd7 27. Qxe7 Nc6 28. Qg7 b5 29. Be4 1-0

[Event "Bundesliga 9293"]
[Site "Germany"]
[Date "1993.??.??"]
[Round "?"]
[White "Lobron, Eric"]
[Black "Doncevic, Dario"]
[Result "1-0"]
[WhiteElo "2620"]
[BlackElo "2370"]
[PlyCount "61"]
[EventDate "1992.10.??"]
[Source "ChessBase"]
[SourceDate "1999.07.01"]

1. d4 Nf6 2. c4 g6 3. Nc3 d5 4. cxd5 Nxd5 5. e4 Nxc3 6. bxc3 Bg7 7. Bc4 O-O 8. Be3 Nc6 9. Bd3 b6 10. f4 Nxd4 11. cxd4 Bxd4 12. Bxd4 Qxd4 13. Ne2 Qd6 14. Qc2 Rd8 15. Rd1 Qb4+ 16. Qc3 Qa4 17. O-O Ba6 18. a3 c5 19. f5 Rd7 20. Bc2 Qc6 21. Rxd7 Qxd7 22. Rd1 Qc7 23. Ng3 Rd8 24. Rxd8+ Qxd8 25. e5 Qd5 26. f6 Kf8 27. Ne4 Bb7 28. Qe3 Ke8 29. Nd6+ Kd7 30. Nxb7 Qxb7 31. e6+ 1-0